000 00612nam a2200193 i 4500
001 15867
003 ES-MaACL
005 20231227062531.0
007 t|
008 000509s1982 sp ||||1| spa d
080 _a821.134.2-821"19"
100 1 _aJiménez, Juan Ramón,
_d1881-1958
_966417
245 1 0 _aObra en marcha
_b: (diario poético) /
_cde J.R.J.
260 _aSevilla :
_bRenacimiento,
_cD.L. 1982.
300 _a3, [1] p. ;
_c27 cm.
500 _3Reimpresión facsimilar de la edición de Madrid : León Sánchez Cuesta, 1928.
852 _aES-MaACL
_j2152-F-19
_bR.122623
999 _c15867
_d15867